000 00871nam0a22002531 4500
001 rc\420235
005 20030616170354.4
035 _a(NLR Aleph) 005667773
090 _a6941190
_c6941190
100 _a20030616d1988 u |0rusy50 ca
101 0 _arus
102 _aRU
105 _ay |||||||||
200 1 _aНеоднородная локальная сеть микроЭВМ CMNet. Описание для пользователей системы RT-11
210 _aНовосибирск
_cИЯФ
_d1988
215 _a37 с.
_d20
225 1 _aПрепринт
_fИн-т ядер. физики СО АН СССР
_v88-117
320 _aБиблиогр.: с. 36 (6 назв.)
700 1 _aГутче
_bР. Х.
_gРайнер Хорстович
801 0 _aRU
_bNLR
_gpsbo
801 1 _aRU
_bELAR
_2rusmarc
852 _aNLR
_j88-4/21553
942 _cBOOK
980 _aNB